| 000 | 01162nam a2200373 a 4500 | ||
|---|---|---|---|
| 999 |
_c1510 _d1510 |
||
| 001 | ocm35694549 | ||
| 003 | OCoLC | ||
| 005 | 20210628102621.0 | ||
| 008 | 960926s1997 ctua b 001 0 eng | ||
| 010 | _a96046590 | ||
| 020 | _a0838543375 (pbk. : alk. paper) | ||
| 035 | _a(OCoLC)35694549 | ||
| 040 |
_aDLC _beng _dUOH _cALUPE UNIVERSITY |
||
| 050 | 1 | 0 |
_aR834.5 _b.I55 1997 |
| 060 | 1 | 0 | _aW 18.2 I59 1997 |
| 082 | 0 | 0 | _a610/.76 |
| 090 | _aR834.5 .I.55 1997 | ||
| 245 | 0 | 4 |
_aThe instant exam review for the USMLE, step 3 / _c[edited by] Joel S. Goldberg. |
| 246 | 3 | 0 | _aUSMLE, step 3. |
| 246 | 3 | 0 | _aUSMLE, step three. |
| 250 | _a2nd ed. | ||
| 260 |
_aStamford, Conn. : _bAppleton & Lange, _cc1997. |
||
| 300 |
_axvii, 418 p. : _bill. ; _c28 cm. |
||
| 490 | 1 | _aA & L review series. | |
| 504 | _aIncludes bibliographical references and index. | ||
| 650 | 0 |
_aMedicine _vExaminations, questions, etc. |
|
| 650 | 0 |
_aMedicine _vOutlines, syllabi, etc. |
|
| 650 | 2 |
_aMedicine _xexamination questions. |
|
| 700 | 1 | _aGoldberg, Joel S. | |
| 830 | 0 | _aAppleton & Lange's review series. | |
| 907 | _a.b20456785 | ||
| 942 |
_2lcc _cBK _nDO |
||